Państwa po stolicy 2# - Statystyki

Ogólne statystyki
  • Ten quiz został rozwiązany 43 razy
  • Średni wynik to 11 z 15
Statystyki odpowiedzi
Stolica Państwo % Poprawnych
Ateny Grecja
98%
Sofia Bułgaria
95%
Tirana Albania
88%
Nowe Delhi Indie
88%
Lublana Słowenia
88%
Montevideo Urugwaj
86%
Canberra Australia
81%
Bogota Kolumbia
79%
Damaszek Syria
74%
Ar-Rijad Arabia Saudyjska
71%
Antananarywa Madagaskar
62%
Chartum Sudan
57%
Dhaka Bangladesz
50%
Akra Ghana
43%
San Jose Kostaryka
43%
Nie znaleziono quizów pasujących do podanych kryteriów
Rozkład punktacji
Procent ludzi z każdym wynikiem
Percentyl według liczby udzielonych odpowiedzi
Twoja historia wyników
Nie rozwiązałeś tego quizu